00509cam a2200169 a 450000100100000000500170001000800410002704000230006808200190009110000230011024500450013326000480017830000210022658600420024765000230028965000270031200000805620240529124642.0880317s1986 cu 001 0 spa  aDO-SdBNPcDLCdDLC a869.342bC331c1 aCarvalho, André.10aCubalibre :bnovela /cAndré Carvalho. aLa Habana :bCasa de las Américas,c1986. a170 p. ;c19 cm. a"Premio Casa de las Américas 1985". 0aNovela brasileña 4aLiteratura brasileña